000 00725nam a2200241 i 4500
001 C2-0295183
003 PPAK
005 20180728030812.0
008 090323s2007 at a|||| ||||| | eng d
020 _a9789814193245
040 _aPPAK
_beng
_cPPAK
_erda
082 0 4 _a248.86196994
_223
090 0 0 _a248.86196994
_bTYE
_dG
100 1 _aTye, Kim-Khiat,
_eauthor
245 1 0 _aSecond dawn :
_ba journey of faith
264 1 _aMelbourne :
_bTye & English ,
_c2007
300 _a175 pages :
_bcolour illustrations ;
_c22 cm
336 _2rdacontent
_atext
337 _2rdamedia
_aunmediated
338 _2rdacarrier
_avolume
650 1 0 _aCancer - Patients ; Cancer - Religious aspects - Christianity
942 _ddc
_cB
999 _c99759
_d99759